• 首页
  • 本馆介绍
  • 公告通知
  • 最新文献
  • 馆藏检索
  • 电子资源
  • 读者导购
  • 参考咨询
  • 我的图书馆
  • 登录
  • 详细信息显示
  • 放入我的书架
  • 预约/预借图书
  • 作者相关作品
  • 分类相关作品
  • 丛书相关作品
  • 出版社相关作品

书目信息

  • 表格格式
  • 工作单格式
  • 卡片格式
题名:
聚乙烯挤塑制品的生产
    
 
作者: 明德林 , 萨莫萨斯基 著 ;陈文英 译
分册:  
出版信息: 北京   中国财政经济出版社  1963
页数: 113页
开本: 20cm
丛书名:
单 册:
中图分类: TQ325.1
科图分类:
主题词: 聚合树脂 , 聚合塑料
电子资源:
ISBN:
000 00748nam0 2200229 450
001 0631239510
005 20060427084422.07
010    @dCNY0.48
100    @a20060427d1963 km y0chiy0120 ea
101 0  @achi
102    @aCN@b110000
200 1  @a聚乙烯挤塑制品的生产@Aju yi xi ji su zhi pin de sheng chan@f(苏)С·С·明德林,Н·Н·萨莫萨斯基著@F(su)С·С·ming de lin,Н·Н·sa mo sa si ji zhu@g陈文英译@Gchen wen ying yi
210    @a北京@c中国财政经济出版社@d1963
215 1  @a113页@d20cm
606 0  @a聚合树脂
606 0  @a聚合塑料
690    @aTQ325.1@v4
701  0 @a明德林@Aming de lin@4著
701  0 @a萨莫萨斯基@Asa mo sa si ji@4著
702  0 @a陈文英@Achen wen ying@4译
801  0 @aCN@bPFT@c20060427
905    @a10447@dTQ325.1@e1
    
    聚乙烯挤塑制品的生产/(苏)С·С·明德林,Н·Н·萨莫萨斯基著/陈文英译.-北京:中国财政经济出版社,1963
    113页;20cm
    
    
    ISBN :CNY0.48
    
●
相关链接 在E读中查询图书 在五车中查询图书 在当当中查询图书 在豆瓣中查询图书


正题名:聚乙烯挤塑制品的生产     索取号:TQ325.1/1         预约/预借

序号 登录号 条形码 馆藏地/架位号 状态 备注
1 0016319   202164736   密集书库/ [索取号:TQ325.1/1] 在馆    
唐山师范学院图书馆 欢迎您!
大连网信软件有限公司© 版权所有